Nouveaux numéros des chaînes TV - Statistiques

Statistiques générales
  • Ce quiz a été pris 89 fois
  • Le résultat moyen est 13 sur 25
Statistiques - réponses
Numéro Chaîne % Correct
2 France 2
100%
1 Tf1
100%
3 France 3
99%
6 M6
91%
5 France 5
88%
7 Arte
82%
9 W9
78%
4 France 4
76%
10 TMC
68%
11 TFX
61%
12 Gulli
47%
13 BFM TV
45%
14 CNews
39%
17 CStar
38%
21 L'équipe
38%
25 Chérie 25
34%
15 LCI
34%
8 LCP
34%
16 France Info
32%
24 RMC découverte
32%
22 6ter
29%
23 RMC Story
29%
20 TF1 séries films
24%
19 Ouest-France TV
16%
18 CMI TV
14%
Aucun quiz correspondant
Distribution des résultats
% des personnes avec chaque résultat
Percentile par nombre de réponses
Votre historique - résultats
Vous n’avez pas pris ce quiz